Culture Générale - Série 795 - Statistiques

Statistiques générales
  • Ce quiz a été pris 126 fois
  • Le résultat moyen est 5 sur 10
Statistiques - réponses
Question Réponse % Correct
A quel écrivain français se rapporte le mot "marivaudage" ? Marivaux
89%
En chiffres romains, comment écrit-on 500 ? D
79%
Quelle était la profession de Robert Doisneau ? photographe
75%
Pour apppeler à l'étranger depuis la France, quels chiffres faut-il composer, avant l'indicatif du pays, pour obtenir l'international ? 0
63%
Quel héros des romans-feuilletons de Ponson du Terrail a donné l'adjectif "rocambolesque" ? Rocambole
63%
Quel lieutenant de police "dégarni" Telly Savalas incarna-t-il de 1973 à 1978 ? Kojak
45%
Quel chanteur et guitariste britannique a fait un tube, en 1992, avec le titre : "Tears in Heaven" ? Eric Clapton
31%
En 2004, qui co-présentait "La Ferme Célébrités" avec Christophe Dechavanne ? Patrice Carmouze
23%
Quel est le prénom de l'épouse de George W. Bush ? Laura
11%
Quel cinéaste réalise en 1954 “Le Mouton à cinq pattes”, avec Fernandel ? Henri Verneuil
10%
Aucun quiz correspondant
Distribution des résultats
% des personnes avec chaque résultat
Percentile par nombre de réponses
Votre historique - résultats
Vous n’avez pas pris ce quiz